Normal view
MARC view
- Hamza, M Ghazi
Entry Personal Name
001 - CONTROL NUMBER
- control field: 122673
003 - CONTROL NUMBER IDENTIFIER
- control field: NUST
005 - DATE AND TIME OF LATEST TRANSACTION
- control field: 20240515151733.0
008 - FIXED-LENGTH DATA ELEMENTS
- fixed length control field: 240515|| aca||aabn | a|a d
040 ## - CATALOGING SOURCE
- Original cataloging agency: NUST
- Transcribing agency: NUST
100 ## - HEADING--PERSONAL NAME
- Personal name: Hamza, M Ghazi
670 ## - SOURCE DATA FOUND
- Source citation: Work cat.: (NUST): Hamza, M Ghazi , Evaluation of different metal cutting models during machining of Inconel-718 /
